000 00447nam a2200181Ia 4500
005 20240823043459.0
008 240823s9999||||xx |||||||||||||| ||und||
041 _aENGLISH
082 _A621.312 P5
100 _aBrito Corthis P et al.
245 0 _aElectrical Drives & Controls
250 _a1st
260 _c2005
_bCharulatha Publica
500 _aTRANSFERED
650 _aElectrical Drives
_bElectrical
942 _cBK
999 _c210324
_d210324